| 000 | 00858nam a22002537a 4500 | ||
|---|---|---|---|
| 005 | 20170124110152.0 | ||
| 010 | _aA-719713 | ||
| 020 |
_c00.00 _a9780140174373 |
||
| 035 | _aA-719713 | ||
| 037 | _bCen Lib/Ret | ||
| 040 |
_aDPL _bEN |
||
| 082 |
_a616.047 _bAPP |
||
| 100 |
_aApple, Michael _934134 |
||
| 245 |
_aThe Penguin book of symptoms and early warning signs : _cby Michael Apple [and] Jason Payne-James; edited by Roy Macgregor _ba comprehensive new guide to self-diagnosis / |
||
| 260 |
_aLondon _bPenguin Books _c1995 |
||
| 270 |
_a27, Wrights Lane _bLondon |
||
| 300 |
_a496p. : _c24cm(pbk) _bill. |
||
| 500 | _aIncludes index | ||
| 650 |
_aMedicine, Popular _910432 |
||
| 650 |
_aHumans -- Diagnosis _934135 |
||
| 700 |
_aPayne-James, Jason _934136 |
||
| 700 |
_aMacgregor, Roy _934137 |
||
| 942 |
_2ddc _cEN _h616.047 _mAPP |
||
| 999 |
_c132247 _d132247 |
||